| 000 | 00644nam a2200217Ia 4500 | ||
|---|---|---|---|
| 005 | 20250508163128.0 | ||
| 008 | 008 250505s9999 xx 000 0 eng d | ||
| 020 | _a0-905273-97-4 | ||
| 037 | _aTextual | ||
| 040 |
_aFEDL _beng _cFEDL |
||
| 041 |
_aeng _2eng |
||
| 084 |
_a001.4, POP _qFEDL |
||
| 100 | _aPopkewitz Thomas S | ||
| 245 | 0 | _aParadigm and ideology in educational research: The social functions of the intellectual | |
| 260 |
_aLondon, UK _bThe Falmer Press _c1984 |
||
| 300 | _ax, 208p. | ||
| 365 |
_aGBP _b7.95 |
||
| 650 | _aEducational Research | ||
| 942 |
_cTEXL _h001.4, POP |
||
| 999 |
_c1381020 _d1381020 |
||